The last of us quiz - Statistiken

Allgemein
  • Dieses Quiz wurde 44 mal gespielt
  • Das Durchschnittsergebnis liegt bei 4 aus 15
Antwortstatistiken
Frage ANTWORT % Korrekt
wie alt ist Ellie in the last of us 2 19
87%
Wem sein Vater war der Arzt den Joel am Ende von Part I getötet hat Abby‘s
72%
wer ist Joel‘s Bruder Tommy
46%
wie hieß Joel‘s Tochter Sarah
44%
wer war Joel‘s Begleiterin in Part I Tess
44%
Mit wem kämpfte Ellie in einem Restaurant David
33%
wie heißt Dina‘s Sohn JJ
31%
welche wichtige Personen in Abbys leben hat Ellie getötet Owen, Mel
28%
wer war die Anführerin der Fireflies Marlene
23%
was ist die höchste bekannte Infizierten Stufe Ratking
21%
Wann starb Joel Miller 2038
15%
wo wohnt Ellie nach den Ereignissen von Seattle auf einem Bauernhof
3%
Was tat Joel mit Ellie am Ende von the last of us part l Er rettete sie
3%
wo spielt Left Behind In einem Kaufhaus
0%
wo starb Tess In einem Rathaus
0%
Keine übereinstimmenden Quizze gefunden
Verteilung der Resultate
Anzahl Personen mit jedem Resultat
Perzentil nach korrekt beantworteten Fragen
Ihre Resultats-Entwicklung
Sie haben dieses Quiz noch nicht gespielt